Statistics for Christmas Hits Artists

Click here to take the quiz!

General Stats

  • This quiz has been taken 80 times
  • The average score is 9 of 15

Answer Stats

Answer% Correct
Elvis Presley
98%
Elton John
95%
Stevie Wonder
87%
Ariana Grande
83%
Kelly Clarkson
75%
Boney M
70%
Nat King Cole
68%
George Michael
67%
Andy Williams
57%
Leona Lewis
52%
Chris Rea
50%
Shakin' Stevens
47%
Run D.M.C
37%
The Darkness
33%
Jose Feliciano
28%

Score Distribution

Percentile by Number Answered

Percent of People with Each Score

Your Score History

You have not taken this quiz